000 00739nam a22002657a 4500
001 BR0304769
003 BR-BrBNA
005 20230928101406.0
007 ta
008 230509b bl.||||| |||| 00| 0 por d
040 _aBR-BrBNA
_bpor
_cBiblioteca Nacional de Agricultura
041 _a(Por)
072 _aE14; H01
090 _ E14 BR0304769
110 1 _aDelegacia Federal de Agricultura no Amazonas, Manaus (Brasil)
_93099
245 1 _aRelatório anual 2001
260 3 _aManaus, AM (Brasil):
_c2001.
300 _avp.
500 _aSeveral bibliography, 26 illus.; 17 tables
650 _aPROJETO AGRÍCOLA
650 _aPLANEJAMENTO
650 _aDEFESA VEGETAL
909 _a202309
_bLucia
_c55
_dLucia Elande
942 _cBK
999 _c65594
_d65594